000 00830nam a2200253 i 4500
001 bg
100 1 _aSokół, Włodzimierz.
245 1 0 _aHazards and their management in the chemical process industries /
_cWłodzimierz Sokół.
260 _aBydgoszcz :
_bUniversity of Technology and Life Sciences Press,
_c2006.
300 _aXV, [1], 184 s. :
_bil. (w tym kolor.) ;
_c24 cm.
504 _aBibliogr. s. 171-174. Indeks.
650 9 _aAwarie przemysłowe
_xzapobieganie i zwalczanie
650 9 _aRyzyko przemysłowe
650 9 _aTechnologia chemiczna
_xbezpieczeństwo
015 _aPB 26531/2007
020 _a8389334739
040 _cBPK
041 _apol
044 _aPOL
080 _a66.01/.09:628.5:620.26:005.334
920 _a83-89334-73-9
942 _cKS
008 070324s2006 pl a |001 0 eng
999 _c55473
_d55473
856 _uhttp://koha.tu.koszalin.pl/cgi-bin/koha/opac-detail.pl?biblionumber=55473
_yKatalog online BPK